The history of mathematics: a reader
Saved in:
| Hovedforfatter: | |
|---|---|
| Format: | Bog |
| Sprog: | engelsk |
| Udgivet: |
Londres
The Open University
1987
|
| Fag: | |
| Tags: |
Tilføj Tag
Ingen Tags, Vær først til at tagge denne postø!
|
MARC
| LEADER | 00000nam a2200000 a 4500 | ||
|---|---|---|---|
| 001 | UCO6323 | ||
| 003 | CL-VaPUC | ||
| 008 | 001020e19870000UK |||||||||||||||||eng|d | ||
| 082 | 0 | 4 | |a 510.9 |b FAU |2 21 |
| 100 | 0 | |a Fauvel, John |e author |9 451031 | |
| 245 | 1 | 4 | |a The history of mathematics: a reader |
| 300 | |a 628 p | ||
| 942 | |c BK | ||
| 945 | |d 20001020 00:00:00 |a vberengu | ||
| 260 | |a Londres |b The Open University |c 1987 | ||
| 650 | 0 | |a Ciencias matemáticas |9 354013 | |
| 650 | 0 | |a Historia de las matemáticas |9 265664 | |
| 650 | 0 | |a Matemática |9 260235 | |
| 650 | 0 | |a Matemáticas historia |9 321726 | |
| 583 | |a last modification |c 20001020 00:00:00 |k Rodrigo Vera | ||
| 999 | |c 291938 |d 291936 | ||
| 952 | |0 0 |1 0 |4 0 |6 510_900000000000000_FAU_1987 |7 0 |8 A |9 342276 |a BIBMAT |b BIBMAT |d 2019-11-20 |i 3658155 |o 510.9 FAU 1987 |p 3658155 |r 2025-01-07 |w 2019-11-20 |y BK |k MAT | ||